Normal view
MARC view
Entry Meeting Name
001 - CONTROL NUMBER
- control field: 1702
003 - CONTROL NUMBER IDENTIFIER
- control field: ARRUPE
005 - DATE AND TIME OF LATEST TRANSACTION
- control field: 20130927170305.0
008 - FIXED-LENGTH DATA ELEMENTS
- fixed length control field: 130927|| aca||aabn | a|a d
040 ## - CATALOGING SOURCE
- Original cataloging agency: ARRUPE
- Transcribing agency: ARRUPE
111 ## - HEADING--MEETING NAME
- Meeting name or jurisdiction name as entry element: Faith to Creed Consultation
- Date of meeting: (1989 :
- Location of meeting: Waltham, Mass.)
670 ## - SOURCE DATA FOUND
- Source citation: Work cat.: (ARRUPE)0: Faith to Creed Consultation (1989 : Waltham, Mass.), Faith to creed :, 1991.